| 000 | 01064nam a22002892 4500 | ||
|---|---|---|---|
| 001 | 0000020086 | ||
| 005 | 20151217155906.0 | ||
| 008 | 110628s xx 000 0 eng d | ||
| 020 | _a0582641802 : | ||
| 040 |
_aKABU _cKABU |
||
| 245 | 1 | 4 |
_aThe Development of an African working class : _bstudies in class formation and action / _cedited by Richard Sandbrook, Robin Cohen. |
| 250 | _a1st ed. | ||
| 260 |
_aLondon : _bLongman, _c1975. |
||
| 300 | _app 21 - 48. | ||
| 500 | _aPhotocopy. | ||
| 650 | 0 |
_aWorking class _vCongresses _zAfrica, Sub-Saharan. _@0000180149 |
|
| 650 | 0 |
_aLabour unions _vCongresses _zAfrica, Sub-Saharan. _@0000180150 |
|
| 700 | 1 |
_aSandbrook, Richard. _@0000180151 |
|
| 700 | 1 |
_aCohen, Robin. _@0000152774 |
|
| 908 | _a110628 | ||
| 950 | _@1 | ||
| 999 |
_c13779 _d13779 |
||